000 00251nam a2200109Ia 4500
008 200302s9999 xx 000 0 und d
100 _aMaggie Toy
245 _aThe Periphery
260 _bAcademy Editions Group Ltd.
260 _c1994
300 _a96 P.,
999 _c1929
_d1929